000 00522nam a2200181Ia 4500
008 151202s9999||||xx |||||||||||||| ||und||
082 _bPNVM-61416
100 _aफडणीस शंकुतला.
245 _aहूल.
260 _b"योगिता प्रकाशन, पुणे."
260 _c60990
300 _a116
600 _aफडणीस शंकुतला.
630 _aहूल.
700 _aफडणीस शंकुतला.
730 _aहूल.
942 _cBOOK
999 _c1327950
_d1327947